Vývoj a zmeny na trhu poisťovníctva v Slovenskej republike diplomová práca

Salvato in:
Dettagli Bibliografici
Autore principale: Rošková, Alexandra
Ente Autore: Obchodná fakulta EU. Katedra služieb a cestovného ruchu - zrušené
Altri autori: Holubcová, Ivana, 1982-
Natura: Libro
Lingua:slovacco
Pubblicazione: Bratislava 2011
Tags: Aggiungi Tag
Nessun Tag, puoi essere il primo ad aggiungerne!!

MARC

LEADER 00000nbm a2200000 4500
001 0131968
005 20161109101746.2
041 0 |a slo 
044 |a SK 
245 1 0 |a Vývoj a zmeny na trhu poisťovníctva v Slovenskej republike  |b diplomová práca  |c Alexandra Rošková ; školiteľ: Ivana Holubcová 
264 1 |a Bratislava  |c 2011 
300 |a 75 s. 
100 1 |a Rošková, Alexandra 
700 1 |a Holubcová, Ivana, 1982- 
710 2 |a Obchodná fakulta EU. Katedra služieb a cestovného ruchu - zrušené